00459 2200169 4500001002100000008004100021035002000062245005900082100002500141260002800166300002700194020002200221084001400243082000800257990001200265990001200277INLIS000000000001449 Ind  a0010-1024000002 aMendidik Generasi Muslim MilinealcOktastiika Badai M. aBadai M., Oktastiika aJakartabErlanggac2023 a144 hlm.c15 x 21,5 cm a978-602-0935-93-5 a297 OKT m a297 a0753693 a0753694